Imperio o multitud /

Đã lưu trong:
Chi tiết về thư mục
Tác giả chính: Kraniauskas, John
Định dạng: Texto
Các nhãn: Thêm thẻ
Không có thẻ, Là người đầu tiên thẻ bản ghi này!

MARC

LEADER 00000 a a2200000 04500
001 9689
003
040
100 |a Kraniauskas, John  
245 |a Imperio o multitud /  |c John Kraniauskas 
773 |g volumen 8, número 36; páginas 45-56  
999 |c 36881  |d 36881